Music Quiz

Random Music or Song Quiz

Most Performed Operas Quiz Stats

 Plays Quiz Updated Sep 12, 2019

Score 0/20 Timer 07:00
1 Play Today
Rank Opera % Correct
4.Carmen
78.3%
10.The Magic Flute
66.3%
1.Madama Butterfly
63.1%
2.La bohème
58.6%
5.The Barber of Seville
58.2%
16.Aida
57.5%
6.The Marriage of Figaro
57.3%
7.Don Giovanni
49.5%
3.La traviata
49%
8.Tosca
45.8%
Rank Opera % Correct
12.Turandot
34.3%
9.Rigoletto
33.9%
18.Faust
30.8%
14.Pagliacci
28%
15.Così fan tutte
27.7%
19.Die Fledermaus
26.8%
17.Il trovatore
22.8%
13.Lucia di Lammermoor
18.3%
20.L'elisir d'amore
18.2%
11.La Cenerentola
17.3%

You're not logged in!

Compare scores with friends on all Sporcle quizzes.
OR
Log In

Sporcle TV

Today on Sporcle TV


Watch our educational content, quiz creation guides, and fun videos on Sporcle TV.

Show Comments

Extras

Top Quizzes Today


Score Distribution

Your Account Isn't Verified!

In order to create a playlist on Sporcle, you need to verify the email address you used during registration. Go to your Sporcle Settings to finish the process.

Report this User

Report this user for behavior that violates our Community Guidelines.

Details: